Statistics for Complete the Card - WWE Elimination Chamber 2023

Click here to take the quiz!

General Stats

  • This quiz has been taken 170 times
  • The average score is 16 of 20

Answer Stats

HintAnswer% Correct
WWE Undisputed Universal Championship MatchRoman Reigns
95%
#1 Contender Women's Elimination Chamber MatchAsuka
92%
WWE Undisputed Universal Championship MatchSami Zayn
92%
United States Championship Elimination Chamber MatchSeth Rollins
92%
United States Championship Elimination Chamber MatchAustin Theory
90%
Mixed Tag Team MatchEdge
89%
Mixed Tag Team MatchFinn Bálor
88%
Mixed Tag Team MatchRhea Ripley
88%
Mixed Tag Team MatchBeth Phoenix
87%
Singles MatchBrock Lesnar
81%
Singles MatchBobby Lashley
80%
#1 Contender Women's Elimination Chamber MatchLiv Morgan
80%
United States Championship Elimination Chamber MatchMontez Ford
80%
United States Championship Elimination Chamber MatchBronson Reed
75%
United States Championship Elimination Chamber MatchDamian Priest
72%
#1 Contender Women's Elimination Chamber MatchCarmella
71%
United States Championship Elimination Chamber MatchJohnny Gargano
68%
#1 Contender Women's Elimination Chamber MatchRaquel Rodriguez
68%
#1 Contender Women's Elimination Chamber MatchNatalya
65%
#1 Contender Women's Elimination Chamber MatchNikki Cross
58%

Score Distribution

Percentile by Number Answered

Percent of People with Each Score

Your Score History

You have not taken this quiz